Online
Catalog

Simbología patriótica de la República Dominicana / (Record no. 53835)

MARC details
000 -CABECERA
campo de control de longitud fija 01776nam a2200373 i 4500
003 - IDENTIFICADOR DEL NÚMERO DE CONTROL
campo de control DO-SdBNP
005 - FECHA Y HORA DE LA ÚLTIMA TRANSACCIÓN
campo de control 20250919112547.0
006 - CÓDIGOS DE INFORMACIÓN DE LONGITUD FIJA--CARACTERÍSTICAS DEL MATERIAL ADICIONAL
campo de control de longitud fija a||||gr|||| 00| 0
007 - CAMPO FIJO DE DESCRIPCIÓN FÍSICA--INFORMACIÓN GENERAL
campo de control de longitud fija ta
008 - DATOS DE LONGITUD FIJA--INFORMACIÓN GENERAL
campo de control de longitud fija 230615e2022 dr ahg|| |||| 00| 0 spa d
020 ## - NÚMERO INTERNACIONAL ESTÁNDAR DEL LIBRO
Número Internacional Estándar del Libro 9789945610093 (1era. edición)
020 ## - NÚMERO INTERNACIONAL ESTÁNDAR DEL LIBRO
Número Internacional Estándar del Libro 9789945643176 (2da. edición)
020 ## - NÚMERO INTERNACIONAL ESTÁNDAR DEL LIBRO
Número Internacional Estándar del Libro 9789945643183 (digital)
040 ## - FUENTE DE LA CATALOGACIÓN
Centro catalogador/agencia de origen DO-SdBNP
Lengua de catalogación spa
Centro/agencia transcriptor BNPHU
Normas de descripción rda
041 ## - CÓDIGO DE LENGUA
Código de lengua del texto/banda sonora o título independiente spa
082 #4 - NÚMERO DE LA CLASIFICACIÓN DECIMAL DEWEY
Número de clasificación 929.6097293
Número de documento/Ítem G633s 2022
Número de edición 22
100 1# - ENTRADA PRINCIPAL--NOMBRE DE PERSONA
Nombre de persona Gómez, Wilson,
Término indicativo de función/relación autor
Código de función/relación aut.
9 (RLIN) 8532
245 10 - MENCIÓN DE TÍTULO
Título Simbología patriótica de la República Dominicana /
Mención de responsabilidad, etc. Wilson Gómez.
250 ## - MENCIÓN DE EDICIÓN
Mención de edición Segunda edición
264 #1 - PRODUCCIÓN, PUBLICACIÓN, DISTRIBUCIÓN, FABRICACIÓN Y COPYRIGHT
Producción, publicación, distribución, fabricación y copyright Santo Domingo, República Dominicana :
Nombre del de productor, editor, distribuidor, fabricante Tribunal Constitucional,
Fecha de producción, publicación, distribución, fabricación o copyright 2022.
300 ## - DESCRIPCIÓN FÍSICA
Extensión 226 páginas :
Otras características físicas Ilustraciones, facsímil, música, retrato ;
Dimensiones 22 cm
336 ## - TIPO DE CONTENIDO
Término de tipo de contenido texto
Código de tipo de contenido txt
Fuente rdaconten
337 ## - TIPO DE MEDIO
Nombre/término del tipo de medio sin medición
Código del tipo de medio n
Fuente rdamedia
338 ## - TIPO DE SOPORTE
Nombre/término del tipo de soporte volumen
Código del tipo de soporte nc
Fuente rdacarrier
490 0# - MENCIÓN DE SERIE
Mención de serie IUDEX
505 ## - NOTA DE CONTENIDO CON FORMATO
Nota de contenido con formato Prólogo.
Información miscelánea Capítulo I.
Título Surgimiento de la bandera en el mundo. --
Información miscelánea Capítulo II.
Título Diseño y confección de la Bandera Nacional. --
Información miscelánea Capítulo III.
Título Origen del Escudo en el mundo. --
Información miscelánea Capítulo IV.
Título Diseño del Escudo Nacional dominicano. --
Información miscelánea Capítulo V.
Título La Bandera Presidencial. --
Información miscelánea Capítulo VI.
Título Los Himnos del mundo. --
Información miscelánea Capítulo VII.
Título El Himno Nacional Dominicano. --
Información miscelánea Capítulo VIII.
Título Himnos patrióticos. --
-- Anexos. --
590 ## - NOTA LOCAL (RLIN)
Nota local Inventariado 2023 / MF
650 #7 - PUNTO DE ACCESO ADICIONAL DE MATERIA--TÉRMINO DE MATERIA
Término de materia o nombre geográfico como elemento de entrada Emblemas nacionales
Subdivisión geográfica República Dominicana
Fuente del encabezamiento o término LEMB
9 (RLIN) 10404
650 #7 - PUNTO DE ACCESO ADICIONAL DE MATERIA--TÉRMINO DE MATERIA
Término de materia o nombre geográfico como elemento de entrada Banderas
Subdivisión geográfica República Dominicana
Fuente del encabezamiento o término LEMB
9 (RLIN) 55099
650 #7 - PUNTO DE ACCESO ADICIONAL DE MATERIA--TÉRMINO DE MATERIA
Término de materia o nombre geográfico como elemento de entrada Escudos nacionales
Subdivisión geográfica República Dominicana
Fuente del encabezamiento o término LEMB
9 (RLIN) 55100
710 1# - PUNTO DE ACCESO ADICIONAL--NOMBRE DE ENTIDAD CORPORATIVA
Nombre de entidad corporativa o nombre de jurisdicción como elemento de entrada República Dominicana.
Unidad subordinada Corte de Constitucionalidad
9 (RLIN) 71191
910 ## - DATOS DE OPCIÓN DEL USUARIO (OCLC)
Datos de opción del usuario Validado. Control de calidad MFF
942 ## - ELEMENTOS DE PUNTO DE ACCESO ADICIONAL (KOHA)
Fuente del sistema de clasificación o colocación Dewey Decimal Classification
Tipo de ítem Koha Libro
Holdings
Estado de retiro Estado de pérdida Fuente del sistema de clasificación o colocación Restricciones de uso No para préstamo Código de colección Localización permanente Ubicación/localización actual Ubicación en estantería Fecha de adquisición Fuente de adquisición Total de préstamos Signatura topográfica completa Código de barras Fecha visto por última vez Precio válido a partir de Tipo de ítem Koha Número de copia
    Dewey Decimal Classification Excluido de préstamo   Patrimonio Dominicano Biblioteca Nacional Pedro Henríquez Ureña Biblioteca Nacional Pedro Henríquez Ureña Depósito 06.03.2023 Depósito legal   BNPHU PD 929.6097293 G633s 2022 2023-2490 15.06.2023 15.06.2023 Libro  
    Dewey Decimal Classification Excluido de préstamo   Patrimonio Dominicano Biblioteca Nacional Pedro Henríquez Ureña Biblioteca Nacional Pedro Henríquez Ureña Depósito 06.03.2023 Depósito legal   BNPHU PD 929.6097293 G633s 2022 2023-2491 15.06.2023 15.06.2023 Libro e.2
    Dewey Decimal Classification Préstamo en sala   Dominicana de Servicio Biblioteca Nacional Pedro Henríquez Ureña Biblioteca Nacional Pedro Henríquez Ureña Depósito 06.03.2023 Depósito legal   BNPHU DS 929.6097293 G633s 2022 2023-2492 15.06.2023 15.06.2023 Libro e.3

Powered by Koha